000 00300nam a2200145Ia 4500
100 _aLiskin M
942 _cBK
654 _aComputer
245 _aPrograming Foxpro 2.5.
260 _bBPB Pub
_aNew Delhi
_c1995
082 _a005.13'F'
_bLIS
300 _a1519
546 _aENGLISH
999 _c19189
_d19189